Zusammengesetzte Wörter 4 - Statistiken

Allgemein
  • Dieses Quiz wurde 138 mal gespielt
  • Das Durchschnittsergebnis liegt bei 5 aus 16
Antwortstatistiken
Wort Antwort Wort % Korrekt
ABEND STERN SCHNUPPE
94%
MASKEN BALL KONTAKT
65%
ELFEN BEIN VERLETZUNG
60%
FINGER HUT SCHNUR
50%
KLEIDER BÜGEL BRETT
48%
LICHT KEGEL BAHN
40%
SCHNAPS ZAHL TAG
30%
KREIDE ZEIT GEIST
30%
SCHLAG BAUM KUCHEN
27%
POST FACH ÄRTZTIN
27%
AUGEN WEIDE ZAUN
20%
LASER SCHWERT FEGER
17%
HÄUSER BLOCK HAUS
13%
NACHT SCHICHT SALAT
10%
BAKTERIEN KULTUR BEUTEL
9%
PIZZA BLECH NAPF
7%
Keine übereinstimmenden Quizze gefunden
Verteilung der Resultate
Anzahl Personen mit jedem Resultat
Perzentil nach korrekt beantworteten Fragen
Ihre Resultats-Entwicklung
Sie haben dieses Quiz noch nicht gespielt